Северо-Осетинский заповедник (Запись № 11664870)

Подробности
000 -МАРКЕР
контрольное поле 02238nam0a2200337 4500
001 - ИДЕНТИФИКАТОР ЗАПИСИ
контрольное поле RU\NLR\BIBL_A\011758501
005 - ИДЕНТИФИКАТОР ВЕРСИИ
контрольное поле 20181026151829.0
010 ## - МЕЖДУНАРОДНЫЙ СТАНДАРТНЫЙ НОМЕР КНИГИ (ISBN)
Номер (ISBN) 978-5-00081-181-8
021 ## - НОМЕР ГОСУДАРСТВЕННОЙ РЕГИСТРАЦИИ
Код страны Российская Федерация
Номер КН-П-18-047816
Номер Листа государственной регистраци КН-П-18-3453
035 ## - ДРУГИЕ СИСТЕМНЫЕ НОМЕРА
Идентификатор записи (NLR Aleph) 011758501
035 ## - ДРУГИЕ СИСТЕМНЫЕ НОМЕРА
Идентификатор записи (RuMoRGB)009675570
100 ## - ДАННЫЕ ОБЩЕЙ ОБРАБОТКИ
Данные общей обработки 20180725d2017 k y0rusy50 ca
101 0# - ЯЗЫК РЕСУРСА
Язык текста, звукозаписи и т.д. русский
102 ## - СТРАНА ПУБЛИКАЦИИ ИЛИ ПРОИЗВОДСТВА
Страна публикации Российская Федерация
105 ## - ПОЛЕ КОДИРОВАННЫХ ДАННЫХ: ТЕКСТОВЫЕ МАТЕРИАЛЫ, МОНОГРАФИЧЕСКИЕ
Кодированные данные о монографическом текстовом документе a|||z|||000zy
200 1# - ЗАГЛАВИЕ И СВЕДЕНИЯ ОБ ОТВЕТСТВЕННОСТИ
Основное заглавие Северо-Осетинский заповедник
Сведения, относящиеся к заглавию приглашение к отдыху и познанию
-- [путеводитель]
Первые сведения об ответственности Н. А. Комарова
Последующие сведения об ответственности Министерство природных ресурсов и экологии Российской Федерации, Федеральная служба по надзору в сфере природопользования, Федеральное государственное бюджетное учреждение "Северо-Осетинский государственный природный заповедник"
210 ## - ПУБЛИКАЦИЯ, РАСПРОСТРАНЕНИЕ И ДР.
Место издания, распространения и т.д. Алагир
-- Владикавказ
Имя издателя, распространителя и т. д. ФГБУ "Северо-Осетинский государственный природный заповедник"
-- Цопанова А.Ю.
Дата издания, распространения и т.д. 2017
215 ## - ФИЗИЧЕСКАЯ ХАРАКТЕРИСТИКА
Специфическое обозначение материала и объем 65 с.
Другие сведения о физической характеристике ил.
Размеры 20
320 ## - ПРИМЕЧАНИЯ О НАЛИЧИИ В ДОКУМЕНТЕ БИБЛИОГРАФИИ / УКАЗАТЕЛЯ
Текст примечания Библиогр.: с. 61-62 (19 назв.)
601 02 - НАИМЕНОВАНИЕ ОРГАНИЗАЦИИ КАК ПРЕДМЕТ
Начальный элемент ввода Северо-Осетинский государственный природный заповедник
Системный номер авторитетной/нормативной записи 2381665
Идентификатор авторитетной/нормативной записи RU\NLR\AUTH\6601641849
606 1# - НАИМЕНОВАНИЕ ТЕМЫ КАК ПРЕДМЕТ
Наименование темы Экологические тропы
Формальный подзаголовок Путеводители
Географический подзаголовок Алагирский район (Северная Осетия)
Системный номер авторитетной/нормативной записи 2383964
Идентификатор авторитетной/нормативной записи RU\NLR\AUTH\6601642968
686 1# - ИНДЕКСЫ ДРУГИХ КЛАССИФИКАЦИЙ
Индекс Б12(2)Северо-Осетинский
686 1# - ИНДЕКСЫ ДРУГИХ КЛАССИФИКАЦИЙ
Индекс Ч518.113.9экол. тропы4(2Р-6С)я23
700 #1 - ИМЯ ЛИЦА - ПЕРВИЧНАЯ ОТВЕТСТВЕННОСТЬ
Начальный элемент ввода Комарова
Часть имени, кроме начального элемента ввода Н. А.
Дополнения к именам, кроме дат канд. геогр. наук
Расширение инициалов личного имени Надежда Андреевна
Системный номер авторитетной/нормативной записи 194885
Идентификатор авторитетной/нормативной записи RU\NLR\AUTH\770194936
942 ## - ДОПОЛНИТЕЛЬНЫЕ ЭЛЕМЕНТЫ ЗАПИСИ (АБИС)
Тип экземпляра АБИС Книга
980 ## - КОЛЛЕКЦИЯ
Название коллекции НБР
980 ## - КОЛЛЕКЦИЯ
Название коллекции Национальная библиография

Нет доступных экземпляров.